000 00824cam a2200241 a 4500
020 _a0761919619 (hard)
020 _a0761919627 (pbk.)
040 _cDLC
082 0 0 _a808 SAG 2001 A092 Or.
100 1 _aRudestam, Kjell Erik.
245 1 0 _aSurviving your dissertation :
_ba comprehensive guide to content and process /
250 _a2nd ed.
260 _aThousand Oaks, Calif. :
_bSage Publications,
_cc2001.
300 _axiv, 298 p. ;
_c24 cm.
650 0 _aDissertations, Academic
650 0 _aReport writing.
650 0 _aResearch
700 1 _aNewton, Rae R.
856 4 2 _uhttp://www.loc.gov/catdir/enhancements/fy0658/00009854-d.html
856 4 1 _uhttp://www.loc.gov/catdir/enhancements/fy0658/00009854-t.html
856 4 2 _uhttp://www.loc.gov/catdir/enhancements/fy0734/00009854-b.html
942 _cEK
999 _c11687
_d11687